000 00679nam a2200229Ia 4500
003 OSt
005 20240727093429.0
008 210716s2009 xx 000 0 und d
020 _a9780198289289
040 _cAIMIT LIBRARY
041 _aeng
082 _a374.22
_21
_bSENA
100 _aSen, Amartya.
_9174244
245 _aInequality reexamined /
_cBy Amartya Sen.
250 _a1st ed.
260 _aNew York ;
_bOxford University Press ,
_c2009.
300 _axiv,207p. ;
_bPB
_c22.5 cm
650 _aEquality of what
_9174245
650 _aFunctionings and capability
_9174246
650 _aFreedom agency and well- being
_9174247
942 _2ddc
_cBK
_e1st
_k374.22 SENA
999 _c204589
_d204589